01287cam a22003858i 450000100090000000300040000900500170001300800410003001000170007102000180008803500130010603500200011904000230013904200080016205000200017006000100019008200180020024500900021825000210030826300090032926400540033830000140039233600210040633700250042733800230045250400510047565000310052665000370055765000360059465000300063065000230066070000310068370000320071477601550074620095449OSt20260119092936.0171023s2019 mou b 001 0 eng  a 2017050818 a9780323829977 a20095449 a(DNLM)101715269 aDNLM/DLCerdacDLC apcc00aQR67b.T49 202310aQW 2500a616.9/04122300aTextbook of diagnostic microbiology /c[edited by] Connie R. Mahon, Donald C. Lehman. aSeventh edition. a1804 1aSt. Louis, Missouri :bElsevier Saunders,c[2023] ap. ;ccm. atext2rdacontent aunmediated2rdamedia avolume2rdacarrier aIncludes bibliographical references and index.12aMicrobiological Techniques22aCommunicable Diseasesxdiagnosis22aBacterial Infectionsxdiagnosis22aVirus Diseasesxdiagnosis22aMycosesxdiagnosis1 aMahon, Connie R.,eeditor.1 aLehman, Donald C.,eeditor.08iOnline version:tTextbook of diagnostic microbiologybSixth edition.dSt. Louis, Missouri : Elsevier Saunders, [2019]z9780323482127w(DLC) 2017051723